000 00425nam a2200145Ia 4500
020 _a9.7893951618e+012
082 _a658.5
_bKUM/P
100 _a20260330u\\\\\\\\\\\y0engy0103\\\\ba
100 _aKumar, S Anil
245 0 _aProduction and Operation Management: with skill development, caselets and cases
250 _a3rd
260 _aNew Delhi
_bNew Age International Publishers
_c2025
300 _a280p.
942 _cBK
999 _c52488
_d52488